00659nam a2200181 4500001000700000003000900007005001700016007000300033008004100036100003000077245011600107260004100223300002200264700003100286852002100317999001900338952012000357113300ES-MaACL20230906185834.0t|061121s1934 fr r ||||1| fre d1 aNyrop, Kristoffer.98626810aLinguistique et histoire des moeurs b: mélanges posthumes / cChristophe Nyrop ; traduction par E. Philipot. aParis : bLibrairie E. Droz, c1934. a295 p. ; c19 cm.1 aPhilipot, Emmanuel.991670 aES-MaACLjA-3901 c113300d113300 00104070aATENEOMbATENEOMcSPP1d2008-01-17eSCl0oA-3901p1118174r2023-02-23 00:00:00w2023-02-23yMONOGRAFIA